| Tag |
First Indicator |
Second Indicator |
Subfields |
| LEADER |
00000cas a2200000 a 4500 |
| 001 |
in00000097039 |
| 005 |
20150924084923.0 |
| 008 |
760315d19751980nju x1 bb 0uuua0eng d |
| 010 |
|
|
|a 78642654
|z sn 80002084
|
| 012 |
|
|
|a 4
|b 3
|c x
|l 1
|
| 019 |
|
|
|a 4432069
|
| 022 |
|
|
|a 0361-3194
|
| 035 |
|
|
|a (OCoLC)02050461
|
| 035 |
|
|
|9 AAK8909AM
|
| 037 |
|
|
|b 21 Harristown Rd., 07452
|
| 040 |
|
|
|a NSD
|c NSD
|d DLC
|d OCL
|d DLC
|d TXA
|d UtOrBLW
|
| 042 |
|
|
|a nsdp
|a lc
|
| 049 |
|
|
|a TXAI
|
| 099 |
|
|
|a fiche
|a S
|a 328
|
| 110 |
2 |
|
|a CBS News.
|
| 222 |
|
0 |
|a Magazine
|b (Microfiche)
|
| 245 |
1 |
0 |
|a Magazine /
|c produced by CBS News.
|
| 264 |
|
1 |
|a Glen Rock, N.J. :
|b Microfilming Corp. of America.
|
| 300 |
|
|
|a microfiches ;
|c 11 x 15 cm.
|
| 336 |
|
|
|a text
|b txt
|2 rdacontent
|
| 337 |
|
|
|a microform
|b h
|2 rdamedia
|
| 338 |
|
|
|a microfiche
|b he
|2 rdacarrier
|
| 362 |
0 |
|
|a Ed. 4 (Jan. 29, 1975)-1980.
|
| 500 |
|
|
|a "Transcripts from the television broadcasts."
|
| 515 |
|
|
|a Editions 1-3 not published.
|
| 555 |
|
|
|a Indexed in: CBS News index, ISSN 0362-3238.
|
| 500 |
|
|
|a Microform.
|
| 650 |
|
0 |
|a History, Modern
|y 1945-1989
|v Sources.
|
| 651 |
|
0 |
|a United States
|x Foreign relations
|y 1945-1989
|v Sources.
|
| 730 |
0 |
|
|a Magazine (Television program)
|
| 776 |
0 |
|
|t Magazine
|c (Microfilm)
|x 0361-3186
|
| 787 |
1 |
|
|t CBS News index
|x 0362-3238
|
| 999 |
|
|
|a MARS
|
| 999 |
f |
f |
|s cc682d63-699d-31cb-a940-f1dca180169c
|i 76b2b7b4-3fdb-3df2-b013-274759c78f0d
|t 0
|
| 952 |
f |
f |
|p default
|a Texas A&M University
|b College Station
|c Sterling C. Evans Library
|d Evans: Microforms (3rd floor)
|t 0
|e fiche S 328
|h Other scheme
|i microform -- microfiche
|
| 998 |
f |
f |
|a fiche S 328
|s 1981:Jan.-1981:Sep.
|t 0
|l Evans: Microforms (3rd floor)
|